Countries AND Capitals of the World in Reverse Alphabetical Order - Statistics

General Stats
  • This quiz has been taken 754 times
    463 since last reset
  • The average score is 189 of 392
Answer Stats
Countries and Capitals % Correct
Zambia
99%
Zimbabwe
99%
Zagreb
82%
Yemen
79%
Yerevan
71%
Washington D.C.
69%
Venezuela
67%
Yaren
67%
Warsaw
66%
Wellington
66%
Vatican City
64%
Yaoundé
64%
Vienna
63%
Vietnam
63%
Uganda
62%
United Kingdom
62%
United States
62%
Uruguay
62%
Vanuatu
62%
Vilnius
62%
Yamoussoukro
62%
Ukraine
61%
Vatican City
61%
Vientiane
61%
Suriname
60%
Syria
60%
Tunisia
60%
Turkey
60%
Turkmenistan
60%
Uzbekistan
60%
Vaduz
60%
Windhoek
60%
Sweden
59%
Switzerland
59%
Thailand
59%
Togo
59%
Tonga
59%
Trinidad and Tobago
59%
Tunis
59%
Taiwan
58%
Tajikistan
58%
Tuvalu
58%
Ulaanbaatar
58%
United Arab Emirates
58%
Victoria
58%
Rome
57%
Somalia
57%
South Korea
57%
South Sudan
57%
Spain
57%
Stockholm
57%
Taipei
57%
Tanzania
57%
Tripoli
57%
Valletta
57%
Qatar
56%
Romania
56%
Russia
56%
Rwanda
56%
Seychelles
56%
Singapore
56%
Singapore
56%
Slovakia
56%
Slovenia
56%
South Africa
56%
Sri Lanka
56%
Sudan
56%
Suva
56%
Tehran
56%
Poland
54%
São Tomé and Príncipe
54%
Senegal
54%
Sierra Leone
54%
Solomon Islands
54%
Tallinn
54%
Tbilisi
54%
Norway
53%
Quito
53%
Riyadh
53%
Saint Kitts and Nevis
53%
Saint Lucia
53%
Santiago
53%
Thimphu
53%
Tokyo
53%
Netherlands
52%
Oman
52%
Panama City
52%
Peru
52%
Port-au-Prince
52%
Portugal
52%
Pretoria / Cape Town / Bloemfontein
52%
Reykjavík
52%
Saint Vincent and the Grenadines
52%
San Marino
52%
San Marino
52%
North Korea
51%
North Macedonia
51%
Oslo
51%
Panama
51%
Paraguay
51%
Port-of-Spain
51%
Port Vila
51%
Prague
51%
Pristina
51%
Pyongyang
51%
Rabat
51%
Republic of the Congo
51%
Samoa
51%
São Tomé
51%
Saudi Arabia
51%
Serbia
51%
Tashkent
51%
Tegucigalpa
51%
Liberia
50%
Liechtenstein
50%
Luxembourg
50%
Montenegro
50%
Namibia
50%
Nauru
50%
New Zealand
50%
Nicaragua
50%
Pakistan
50%
Palau
50%
Papua New Guinea
50%
Riga
50%
Saint George's
50%
San José
50%
San Salvador
50%
South Tarawa
50%
Sri Jayawardenepura Kotte
50%
Kyrgyzstan
49%
Lesotho
49%
Libya
49%
Lima
49%
Lithuania
49%
Madagascar
49%
Malta
49%
Mexico
49%
Mexico City
49%
Moldova
49%
Monaco
49%
Mozambique
49%
Myanmar
49%
Nepal
49%
Ottawa
49%
Paramaribo
49%
Philippines
49%
Port Moresby
49%
Praia
49%
Saint John's
49%
Sarajevo
49%
Sofia
49%
Tirana
49%
Chile
48%
China
48%
Comoros
48%
Costa Rica
48%
Cyprus
48%
Czech Republic
48%
Hungary
48%
Iceland
48%
India
48%
Indonesia
48%
Ireland
48%
Italy
48%
Japan
48%
Kenya
48%
Kuwait
48%
Kuwait City
48%
Lisbon
48%
London
48%
Luxembourg
48%
Manila
48%
Mauritania
48%
Monaco
48%
New Delhi
48%
Port Louis
48%
Porto-Novo / Cotonou
48%
Santo Domingo
48%
Bratislava
47%
Brazil
47%
Cambodia
47%
Chad
47%
Croatia
47%
Dakar
47%
Denmark
47%
Greece
47%
Guyana
47%
Honduras
47%
Iran
47%
Iraq
47%
Israel
47%
Ivory Coast
47%
Jamaica
47%
Jerusalem
47%
Jordan
47%
Kiribati
47%
Kosovo
47%
La Paz / Sucre
47%
Lebanon
47%
Mali
47%
Mauritius
47%
Montevideo
47%
Niger
47%
Nigeria
47%
Paris
47%
Podgorica
47%
Roseau
47%
Sana'a
47%
Skopje
47%
Brasília
46%
Burkina Faso
46%
Burundi
46%
Cameroon
46%
Dominica
46%
Dominican Republic
46%
Ecuador
46%
Fiji
46%
Finland
46%
France
46%
Freetown
46%
Gabon
46%
Germany
46%
Grenada
46%
Guinea
46%
Guinea-Bissau
46%
Havana
46%
Islamabad
46%
Jakarta
46%
Kabul
46%
Kazakhstan
46%
Kingston
46%
Latvia
46%
Libreville
46%
Luanda
46%
Malawi
46%
Maldives
46%
Malé
46%
Marshall Islands
46%
Minsk
46%
Mongolia
46%
Nassau
46%
Niamey
46%
Nukuʻalofa
46%
Accra
44%
Addis Ababa
44%
Afghanistan
44%
Andorra
44%
Bridgetown
44%
Cuba
44%
Damascus
44%
Djibouti
44%
El Salvador
44%
Eswatini
44%
Ethiopia
44%
Georgia
44%
Ghana
44%
Guatemala
44%
Guatemala City
44%
Helsinki
44%
Kathmandu
44%
Kingstown
44%
Ljubljana
44%
Lomé
44%
Lusaka
44%
Madrid
44%
Malaysia
44%
Manama
44%
Mogadishu
44%
Morocco
44%
Nicosia
44%
Phnom Penh
44%
Abu Dhabi
43%
Abuja
43%
Armenia
43%
Azerbaijan
43%
Belgium
43%
Bolivia
43%
Brazzaville
43%
Brussels
43%
Buenos Aires
43%
Bulgaria
43%
Canada
43%
Cape Verde
43%
Central African Republic
43%
Copenhagen
43%
Dhaka
43%
Dili
43%
Doha
43%
Eritrea
43%
Estonia
43%
Haiti
43%
Khartoum
43%
Kigali
43%
Kuala Lumpur
43%
Laos
43%
Majuro
43%
Managua
43%
Maseru
43%
Mbabane
43%
Monrovia
43%
Moscow
43%
Nairobi
43%
Ngerulmud
43%
Ouagadougou
43%
Palikir
43%
Seoul
43%
Albania
42%
Algeria
42%
Argentina
42%
Australia
42%
Austria
42%
Botswana
42%
Bucharest
42%
Budapest
42%
Canberra
42%
Dodoma
42%
Dublin
42%
East Timor
42%
Equatorial Guinea
42%
Federated States of Micronesia
42%
Funafuti
42%
Gambia
42%
Georgetown
42%
Hanoi
42%
Harare
42%
Juba
42%
Kampala
42%
Kiev
42%
Maputo
42%
Moroni
42%
Muscat
42%
Algiers
41%
Ankara
41%
Antigua and Barbuda
41%
Athens
41%
Bahamas
41%
Baku
41%
Belarus
41%
Belize
41%
Bhutan
41%
Bosnia and Herzegovina
41%
Caracas
41%
Djibouti
41%
Dushanbe
41%
Egypt
41%
Honiara
41%
Lilongwe
41%
Malabo
41%
Nouakchott
41%
Amman
40%
Andorra la Vella
40%
Angola
40%
Bangladesh
40%
Belgrade
40%
Democratic Republic of the Congo
40%
Gaborone
40%
Gitega
40%
Kinshasa
40%
Naypyidaw
40%
N'Djamena
40%
Antananarivo
39%
Apia
39%
Asmara
39%
Astana
39%
Baghdad
39%
Bahrain
39%
Barbados
39%
Belmopan
39%
Benin
39%
Berlin
39%
Bern
39%
Brunei
39%
Castries
39%
Chișinău
39%
Colombia
39%
Amsterdam
38%
Ashgabat
38%
Asunción
38%
Bamako
38%
Cairo
38%
Bandar Seri Begawan
37%
Bangkok
37%
Bangui
37%
Banjul
37%
Beirut
37%
Bissau
37%
Bogotá
37%
Basseterre
36%
Beijing
36%
Bishkek
36%
Conakry
36%
No matching quizzes found
Score Distribution
Percent of People with Each Score
Percentile by Number Answered
Your Score History
You have not taken this quiz since the last reset